[Event "FIDE Steinitz Mem Women"]
[Site "chess24.com INT"]
[Date "2020.05.16"]
[Round "12.4"]
[White "Lagno, Kateryna"]
[Black "Khademalsharieh, Sarasadat"]
[Result "0-1"]
[WhiteTitle "GM"]
[BlackTitle "IM"]
[WhiteElo "2546"]
[BlackElo "2494"]
[WhiteFideId "14109336"]
[BlackFideId "12512214"]
[EventDate "2020.05.15"]

1. e4 e5 2. Nf3 Nc6 3. Bb5 a6 4. Ba4 Nf6 5. O-O b5 6. Bb3 Bc5 7. d3 d6 8. Nc3 h6
9. Nd5 Rb8 10. c3 Nxd5 11. Bxd5 Ne7 12. Bb3 O-O 13. d4 exd4 14. cxd4 Bb6 15. h3
Ng6 16. a4 c5 17. axb5 axb5 18. Be3 Bb7 19. dxc5 dxc5 20. Bc2 Qf6 21. Qe2 c4 22.
Bxb6 Qxb6 23. Rfd1 Rfe8 24. Nd4 Rbd8 25. Qe3 b4 26. b3 c3 27. g3 Rd7 28. h4 Red8
29. Nf5 Rxd1+ 30. Rxd1 Rxd1+ 31. Bxd1 Qxe3 32. Nxe3 Bxe4 33. Bc2 Bf3 34. Nc4 Ne7
35. Kf1 Nc6 36. Ke1 Nd4 37. Ne3 Kf8 38. Bd3 Nxb3 39. Nc2 Nc5 40. Nxb4 Nxd3+ 41.
Nxd3 Be4 42. Nc5 Bg6 43. Na4 c2 44. Kd2 Ke7 45. Nc3 Ke6 46. Ne2 Ke5 47. f3 Bh7
48. Nf4 Kd4 49. Ne2+ Kc4 50. Nc1 f6 51. Ne2 Kb3 52. Kc1 Bd3 53. Nf4 Kc3 54. Ne6
g5 55. hxg5 hxg5 56. f4 g4 57. Nc7 Kd4 58. Kd2 Ke4 59. Ne8 f5 60. Nf6+ Kf3 61.
Nh5 Be4 62. Kc1 Ke2 63. Nf6 Kf2 64. Nh5 Kg2 65. Kd2 Bd3 66. Kc1 Kh3 67. Kd2 Be4
68. Kc1 Kg2 69. Kd2 Kf2 70. Kc1 Ke3 71. Ng7 Bd3 72. Nh5 Bc4 73. Kxc2 Kf3 74. Kd2
Bf7 75. Ng7 Bg6 76. Ne6 Kxg3 77. Ke3 Kh2 78. Ng5 g3 79. Nf3+ Kh1 80. Kd4 Bh5 81.
Nh4 g2 82. Ke5 g1=Q 0-1

[Event "FIDE Steinitz Mem Women"]
[Site "chess24.com INT"]
[Date "2020.05.16"]
[Round "12.5"]
[White "Tan, Zhongyi"]
[Black "Lei, Tingjie"]
[Result "0-1"]
[WhiteTitle "GM"]
[BlackTitle "GM"]
[WhiteElo "2510"]
[BlackElo "2505"]
[WhiteFideId "8603642"]
[BlackFideId "8605114"]
[EventDate "2020.05.15"]

1. c4 e5 2. g3 Nf6 3. Bg2 c6 4. Nf3 e4 5. Nd4 Qb6 6. e3 d5 7. cxd5 cxd5 8. O-O
Nc6 9. Nxc6 bxc6 10. d4 exd3 11. Re1 Bb4 12. Bd2 O-O 13. Bxb4 Qxb4 14. Qxd3
Qxe1+ 0-1

[Event "FIDE Steinitz Mem Women"]
[Site "chess24.com INT"]
[Date "2020.05.17"]
[Round "13.1"]
[White "Tan, Zhongyi"]
[Black "Sebag, Marie"]
[Result "1/2-1/2"]
[WhiteTitle "GM"]
[BlackTitle "GM"]
[WhiteElo "2510"]
[BlackElo "2438"]
[WhiteFideId "8603642"]
[BlackFideId "617822"]
[EventDate "2020.05.15"]

1. d4 d5 2. c4 c6 3. Nf3 Nf6 4. Nc3 e6 5. Bg5 h6 6. Bxf6 Qxf6 7. Qb3 Qe7 8. e3
g6 9. Bd3 Bg7 10. O-O O-O 11. Rac1 Nd7 12. Rfd1 dxc4 13. Bxc4 b6 14. Bd3 Bb7 15.
Ne4 c5 16. Qa3 Rfc8 17. dxc5 Nxc5 18. Nxc5 bxc5 19. Nd2 Rab8 20. b3 Rd8 21. Bf1
Rd5 22. Nc4 Rbd8 23. Rxd5 Bxd5 24. Qa5 Rc8 25. Rd1 h5 26. Qa6 Rd8 27. Na5 h4 28.
h3 Be5 29. Nc6 Bxc6 30. Rxd8+ Qxd8 31. Qxc6 Qb6 32. Qxb6 axb6 33. f3 1/2-1/2

[Event "FIDE Steinitz Mem Women"]
[Site "chess24.com INT"]
[Date "2020.05.17"]
[Round "13.2"]
[White "Lei, Tingjie"]
[Black "Lagno, Kateryna"]
[Result "1-0"]
[WhiteTitle "GM"]
[BlackTitle "GM"]
[WhiteElo "2505"]
[BlackElo "2546"]
[WhiteFideId "8605114"]
[BlackFideId "14109336"]
[EventDate "2020.05.15"]

1. e4 e5 2. Nf3 Nc6 3. Bb5 Nf6 4. d3 d6 5. O-O Bd7 6. c4 g6 7. Nc3 Bg7 8. h3 O-O
9. Be3 Nh5 10. Bxc6 bxc6 11. d4 exd4 12. Bxd4 Rb8 13. b3 Bxd4 14. Qxd4 c5 15.
Qd2 Bc6 16. Rfe1 Re8 17. Rad1 Qf6 18. Nh2 Nf4 19. Re3 h5 20. Rf3 g5 21. h4 Rxe4
22. hxg5 Qe5 23. Nxe4 Nxg2 24. Nf6+ Kg7 25. Nd5 Nh4 26. Rf4 Nf5 27. Nf3 Qe6 28.
Qc3+ Kh7 29. Re1 1-0

[Event "FIDE Steinitz Mem Women"]
[Site "chess24.com INT"]
[Date "2020.05.17"]
[Round "13.3"]
[White "Khademalsharieh, Sarasadat"]
[Black "Stefanova, Antoaneta"]
[Result "1-0"]
[WhiteTitle "IM"]
[BlackTitle "GM"]
[WhiteElo "2494"]
[BlackElo "2462"]
[WhiteFideId "12512214"]
[BlackFideId "2902257"]
[EventDate "2020.05.15"]

1. Nf3 d5 2. e3 Nf6 3. c4 c6 4. b3 Bf5 5. Bb2 e6 6. Be2 h6 7. O-O Nbd7 8. cxd5
exd5 9. d3 Be7 10. Nbd2 O-O 11. Re1 Re8 12. Bf1 Bf8 13. Qc2 Bh7 14. a3 a5 15. h3
Qb6 16. Rac1 Rad8 17. Qb1 Bg6 18. Qa1 c5 19. d4 Rc8 20. dxc5 Nxc5 21. Bd4 Qe6
22. b4 axb4 23. axb4 Nd3 24. Bxd3 Bxd3 25. Qb2 Ne4 26. Ne5 Bb5 27. Ra1 f6 28.
Nef3 Qd6 29. Nxe4 dxe4 30. Bc5 Qd7 31. Nd4 Bxc5 32. bxc5 Rxc5 33. Ra5 Rg5 34.
Rxb5 f5 35. Qb3+ Kh7 36. Qd5 Qc7 37. Rxb7 Qc3 38. Rf1 Qd2 39. Qd7 Rg8 40. Ne6 1-0

[Event "FIDE Steinitz Mem Women"]
[Site "chess24.com INT"]
[Date "2020.05.17"]
[Round "13.5"]
[White "Cori T., Deysi"]
[Black "Abdumalik, Zhansaya"]
[Result "0-1"]
[WhiteTitle "WGM"]
[BlackTitle "IM"]
[WhiteElo "2388"]
[BlackElo "2478"]
[WhiteFideId "3801934"]
[BlackFideId "13703544"]
[EventDate "2020.05.15"]

1. d4 Nf6 2. Nf3 g6 3. g3 Bg7 4. Bg2 O-O 5. O-O d5 6. Ne5 a5 7. Nd2 Bf5 8. c4 c6
9. cxd5 cxd5 10. Qb3 Nc6 11. Nxc6 bxc6 12. Qa4 Qc8 13. Re1 Re8 14. Nf3 c5 15.
dxc5 Qxc5 16. Be3 Qd6 17. Rac1 Ne4 18. Nd4 Bd7 19. Qd1 e5 20. Nb3 Nf6 21. Bg5 e4
22. Nc5 Bf5 23. Bf4 Qe7 24. Nb3 Nh5 25. Nd4 Nxf4 26. gxf4 Bg4 27. h3 Bd7 28. e3
Qh4 29. f5 gxf5 30. Rc7 Rad8 31. Ne2 Be5 32. Ra7 f4 33. Nxf4 Bxf4 34. exf4 Bxh3
35. Re3 Bxg2 36. Rg3+ Kh8 37. Qd4+ f6 38. Kxg2 Rg8 39. Rf7 Rxg3+ 40. fxg3 Rg8
41. Qxf6+ Qxf6 42. Rxf6 Rc8 43. Rd6 Rc2+ 44. Kh3 Rxb2 45. Rxd5 Rxa2 46. Re5 Ra4
47. Kg4 Kg7 48. Kf5 Ra3 49. g4 e3 50. g5 Kf7 51. Rb5 e2 52. Re5 Ra2 53. Kg4 a4
54. f5 a3 55. Kh5 Rb2 56. Kh6 Rb6+ 57. Kxh7 a2 58. g6+ Kf6 59. g7 Rb7 60. Re6+
Kxf5 61. Rxe2 a1=Q 62. Rf2+ Ke4 0-1

[Event "FIDE Steinitz Mem Women"]
[Site "chess24.com INT"]
[Date "2020.05.17"]
[Round "14.1"]
[White "Sebag, Marie"]
[Black "Cori T., Deysi"]
[Result "0-1"]
[WhiteTitle "GM"]
[BlackTitle "WGM"]
[WhiteElo "2438"]
[BlackElo "2388"]
[WhiteFideId "617822"]
[BlackFideId "3801934"]
[EventDate "2020.05.15"]

1. e4 d5 2. exd5 Qxd5 3. Nc3 Qd6 4. d4 Nf6 5. h3 a6 6. Nf3 Nc6 7. Bd3 Nb4 8. O-O
Nxd3 9. Qxd3 g6 10. Ne4 Nxe4 11. Qxe4 Bg7 12. Re1 Bf5 13. Qxb7 O-O 14. Qb3 c5
15. dxc5 Qxc5 16. c3 e5 17. Be3 Qc6 18. Nd2 Be6 19. Qa3 Rfd8 20. Nb3 Bd5 21. f3
Rac8 22. Rad1 h5 23. Rd2 Bc4 24. Red1 Rxd2 25. Rxd2 Bf8 26. Qa5 Bb5 27. Qb6 Qc4
28. Qb7 Re8 29. Rf2 Qd3 30. Qe4 Qd1+ 31. Rf1 Qxf1+ 32. Kh2 Qd3 33. Nd2 Qxe4 34.
Nxe4 Kg7 35. Bg5 f5 36. Nd2 Be7 37. Be3 Rd8 38. c4 f4 39. Bb6 Rxd2 40. cxb5 axb5
41. Bc7 Kf6 42. b3 Rxa2 0-1

[Event "FIDE Steinitz Mem Women"]
[Site "chess24.com INT"]
[Date "2020.05.17"]
[Round "14.2"]
[White "Abdumalik, Zhansaya"]
[Black "Paehtz, Elisabeth"]
[Result "1-0"]
[WhiteTitle "IM"]
[BlackTitle "IM"]
[WhiteElo "2478"]
[BlackElo "2473"]
[WhiteFideId "13703544"]
[BlackFideId "4641833"]
[EventDate "2020.05.15"]

1. e4 c5 2. Nf3 d6 3. d4 cxd4 4. Nxd4 Nf6 5. Nc3 a6 6. h3 Nc6 7. g4 g6 8. Bg2 h5
9. g5 Nd7 10. Nde2 Bg7 11. Be3 Nb6 12. O-O Nc4 13. Bc1 b5 14. b3 b4 15. bxc4
bxc3 16. e5 Bd7 17. exd6 O-O 18. Ba3 e6 19. Qc1 Qa5 20. Rb1 Rab8 21. Rb3 Rfc8
22. Rd1 Qa4 23. Nxc3 Qxc4 24. Rxb8 Rxb8 25. Ne4 Nd4 26. Qd2 Qxc2 27. Qxc2 Nxc2
28. Bc5 Nb4 29. Rb1 Nc6 30. Rxb8+ Nxb8 31. Bf1 Bc6 32. f3 Nd7 33. Be3 Be5 34.
Bxa6 Bxe4 35. fxe4 Bxd6 36. Bb5 Ne5 37. Kf2 Bb4 38. a4 Ba5 39. Ke2 f6 40. Bd4
Kf7 41. gxf6 Kxf6 42. h4 Bb4 43. Ke3 Ba5 44. Be2 Bc7 45. Bc3 Ke7 46. a5 Nc6 47.
a6 Bb6+ 48. Kf4 Kf7 49. Bb5 Bc7+ 50. Ke3 Bb6+ 51. Kd3 Na7 52. Bc4 Nc8 53. Be5
Na7 54. Ke2 Nc6 55. Bc3 Nd4+ 56. Kd3 Nc6 57. e5 g5 58. hxg5 Kg6 59. Bxe6 Kxg5
60. Bd5 Ne7 61. Be4 Kf4 62. e6 h4 63. Bf6 Nc8 64. Bxh4 Ke5 65. e7 Nxe7 66. Bxe7 1-0

[Event "FIDE Steinitz Mem Women"]
[Site "chess24.com INT"]
[Date "2020.05.17"]
[Round "14.4"]
[White "Stefanova, Antoaneta"]
[Black "Lei, Tingjie"]
[Result "1/2-1/2"]
[WhiteTitle "GM"]
[BlackTitle "GM"]
[WhiteElo "2462"]
[BlackElo "2505"]
[WhiteFideId "2902257"]
[BlackFideId "8605114"]
[EventDate "2020.05.15"]

1. d4 Nf6 2. Nf3 d5 3. Bf4 c5 4. e3 Nc6 5. c3 Qb6 6. Qc1 Bf5 7. Nbd2 e6 8. Nh4
Bg4 9. h3 Bh5 10. g4 Bg6 11. Nxg6 hxg6 12. Bg2 Rc8 13. Qb1 Qd8 14. O-O Bd6 15.
Bxd6 Qxd6 16. f4 b5 17. Qd3 b4 18. a3 bxc3 19. bxc3 O-O 20. Bf3 cxd4 21. cxd4
Na5 22. Rfc1 Rc7 23. Rc3 Rfc8 24. Rac1 Nd7 25. Rxc7 Rxc7 26. Rxc7 Qxc7 27. Qb5
Nc4 28. Nxc4 dxc4 29. Be4 c3 30. Bc2 Nb6 31. Qe8+ Kh7 32. h4 Qd7 33. Qxd7 Nxd7
34. Kf2 Nf6 35. g5 Nd5 36. Ke2 Ne7 37. h5 f6 38. hxg6+ Nxg6 39. gxf6 gxf6 40.
Kd3 Ne7 41. Kxc3+ Kh6 42. e4 Kh5 43. Bd1+ Kh4 44. Kd3 Kg3 45. Ke3 Ng6 46. f5
exf5 47. exf5 Ne7 48. Ke4 Kh4 49. d5 Nc8 50. Kd4 Kg5 51. Bc2 Kf4 52. Kc5 Ke5 53.
Kc6 Nd6 54. a4 Nc4 55. Kc5 Nd6 56. a5 Nc8 57. Kc6 Nd6 58. Kc7 Kxd5 59. a6 Kc5
60. Kb8 Kb6 61. Bd3 Ne8 62. Kc8 Nc7 63. Kd7 Nxa6 64. Ke7 Nc5 65. Bc2 Kc7 66.
Kxf6 Kd6 67. Kg7 Nd7 68. f6 Nxf6 69. Kxf6 Kc5 70. Ke5 a5 71. Ke6 a4 72. Bxa4 1/2-1/2

[Event "FIDE Steinitz Mem Women"]
[Site "chess24.com INT"]
[Date "2020.05.17"]
[Round "14.5"]
[White "Lagno, Kateryna"]
[Black "Tan, Zhongyi"]
[Result "1-0"]
[WhiteTitle "GM"]
[BlackTitle "GM"]
[WhiteElo "2546"]
[BlackElo "2510"]
[WhiteFideId "14109336"]
[BlackFideId "8603642"]
[EventDate "2020.05.15"]

1. e4 e5 2. Nf3 Nc6 3. Bb5 Nf6 4. O-O Nxe4 5. Re1 Nd6 6. Nxe5 Be7 7. Bf1 Nxe5 8.
Rxe5 O-O 9. d4 Bf6 10. Re1 Re8 11. c3 Rxe1 12. Qxe1 Ne8 13. d5 d6 14. Na3 c6 15.
Qe4 Qe7 16. Bd3 Qxe4 17. Bxe4 Bd7 18. Nc4 cxd5 19. Bxd5 Bc6 20. Ne3 Nc7 21. Bxc6
bxc6 22. Ng4 Be7 23. Bd2 h5 24. Re1 Ne6 25. Ne3 d5 26. Nf5 Bf6 27. b3 g6 28. Ne3
a5 29. Nc2 Nc5 30. f3 Ne6 31. Kf2 c5 32. Rc1 Kg7 33. Ne1 c4 34. Rb1 Rb8 35. Nc2
Nc5 36. Nd4 Nd3+ 37. Kf1 a4 38. b4 a3 39. Nc2 Ra8 40. b5 Nc5 41. Nd4 Nd3 42. b6
Rb8 43. Nc6 Rb7 44. Na5 Rb8 45. b7 Bd8 46. Nc6 Bc7 47. Nxb8 Bxb8 48. Rb5 Kf6 49.
Rxd5 Ke7 50. Ra5 Kd7 51. Rxa3 Kc6 52. Ra4 Kxb7 53. Rxc4 Bxh2 54. Rd4 Ne5 55. Bf4
Bxf4 56. Rxf4 Kb6 57. Re4 Nc6 58. Ke2 Kc5 59. Kd3 Kd5 60. a4 Kc5 61. Re8 f5 62.
Re6 h4 63. f4 1-0

[Event "FIDE Steinitz Mem Women"]
[Site "chess24.com INT"]
[Date "2020.05.17"]
[Round "15.1"]
[White "Lagno, Kateryna"]
[Black "Sebag, Marie"]
[Result "1-0"]
[WhiteTitle "GM"]
[BlackTitle "GM"]
[WhiteElo "2546"]
[BlackElo "2438"]
[WhiteFideId "14109336"]
[BlackFideId "617822"]
[EventDate "2020.05.15"]

1. e4 c5 2. Nf3 d6 3. d4 cxd4 4. Nxd4 Nf6 5. Nc3 a6 6. Be3 e5 7. Nf3 h6 8. Nd2
Be7 9. Nc4 Nc6 10. Nb6 Rb8 11. Be2 O-O 12. O-O Be6 13. a4 Nb4 14. Bf3 Qc7 15. a5
Rfe8 16. Ra4 Nc6 17. Ncd5 Bxd5 18. exd5 e4 19. Bxe4 Nxe4 20. Rxe4 Ne5 21. c4 f5
22. Rf4 Rf8 23. b4 g5 24. Rd4 f4 25. Bc1 f3 26. Re1 fxg2 27. Re3 Rf6 28. Rg3
Rbf8 29. f4 Ng6 30. Rxg2 Kh7 31. Qd3 Kh8 32. Bb2 Nh4 33. Rf2 Kg8 34. Re4 Rg6 35.
Re6 Rxe6 36. dxe6 Qc6 37. Nd5 Re8 38. fxg5 Bxg5 39. Qd4 1-0

[Event "FIDE Steinitz Mem Women"]
[Site "chess24.com INT"]
[Date "2020.05.17"]
[Round "15.2"]
[White "Tan, Zhongyi"]
[Black "Stefanova, Antoaneta"]
[Result "0-1"]
[WhiteTitle "GM"]
[BlackTitle "GM"]
[WhiteElo "2510"]
[BlackElo "2462"]
[WhiteFideId "8603642"]
[BlackFideId "2902257"]
[EventDate "2020.05.15"]

1. d4 d5 2. c4 c6 3. Nf3 Nf6 4. Nc3 a6 5. c5 Bf5 6. Qb3 Ra7 7. Bf4 Nbd7 8. e3 h6
9. Be2 e6 10. O-O Be7 11. Qd1 O-O 12. b4 Ne4 13. Nxe4 Bxe4 14. Bd3 f5 15. Bg3
Bxd3 16. Qxd3 g5 17. h3 Qe8 18. a4 h5 19. b5 g4 20. hxg4 hxg4 21. Ne5 Nxe5 22.
Bxe5 Qh5 23. Bg3 Rf7 24. f4 gxf3 25. Rxf3 Rg7 26. bxc6 bxc6 27. Rb1 Bh4 28. Rb8+
Kh7 29. Rf8 Bxg3 30. R8xf5 exf5 31. Rxf5 Qh2+ 32. Kf1 Kg8 33. Qb3 Raf7 0-1

[Event "FIDE Steinitz Mem Women"]
[Site "chess24.com INT"]
[Date "2020.05.17"]
[Round "16.2"]
[White "Cori T., Deysi"]
[Black "Khademalsharieh, Sarasadat"]
[Result "0-1"]
[WhiteTitle "WGM"]
[BlackTitle "IM"]
[WhiteElo "2388"]
[BlackElo "2494"]
[WhiteFideId "3801934"]
[BlackFideId "12512214"]
[EventDate "2020.05.15"]

1. d4 Nf6 2. Nf3 d5 3. c4 e6 4. e3 a6 5. Nbd2 c5 6. cxd5 Nxd5 7. Be2 Nc6 8. O-O
cxd4 9. exd4 Be7 10. Ne4 O-O 11. a3 b6 12. Qb3 Bb7 13. Rd1 Rc8 14. Qa2 Bf6 15.
Nxf6+ Qxf6 16. Bg5 Qg6 17. Qb1 f5 18. Qd3 h6 19. Bd2 Rfd8 20. Rac1 Qf6 21. Qb3
b5 22. h3 Nb6 23. Bc3 Nd5 24. Bd2 Rc7 25. Qa2 Rcd7 26. Qb1 Nb6 27. Be3 f4 28.
Bd2 Nxd4 29. Nxd4 Rxd4 30. Bc3 Qg5 31. f3 Rxd1+ 32. Rxd1 Nd5 33. Ba5 Re8 34. Bb6
Nxb6 35. Rd6 Nd5 36. Rd7 Ne3 37. Bf1 Bxf3 38. h4 Qg3 39. Qd3 Bxg2 0-1

[Event "FIDE Steinitz Mem Women"]
[Site "chess24.com INT"]
[Date "2020.05.17"]
[Round "16.3"]
[White "Abdumalik, Zhansaya"]
[Black "Lei, Tingjie"]
[Result "1/2-1/2"]
[WhiteTitle "IM"]
[BlackTitle "GM"]
[WhiteElo "2478"]
[BlackElo "2505"]
[WhiteFideId "13703544"]
[BlackFideId "8605114"]
[EventDate "2020.05.15"]

1. e4 c5 2. Nf3 d6 3. d4 cxd4 4. Nxd4 Nf6 5. Nc3 a6 6. g3 g6 7. Bg2 Bg7 8. O-O
O-O 9. h3 Qc7 10. a4 Nc6 11. Nde2 b6 12. g4 Bb7 13. Ng3 Ne5 14. g5 Nfd7 15. Nd5
Qd8 16. Rb1 e6 17. Ne3 Nc5 18. f4 Nc6 19. c3 a5 20. Ng4 Ba6 21. Rf3 d5 22. e5
Ne4 23. Nf6+ Kh8 24. Be3 Ne7 25. h4 Nxg3 26. Rxg3 Bxf6 27. exf6 Nf5 28. Rh3 h5
29. Bd4 Qc7 30. Be5 Qc5+ 31. Kh1 Ne3 32. Qd4 Nxg2 33. Kxg2 Rfc8 34. Rd1 b5 35.
axb5 Qxb5 36. Qf2 Rc4 37. Rhh1 Bb7 38. Bd4 Bc6 39. Rd2 Rb8 40. Re1 Ra4 41. Kg3
Ra2 42. Ree2 Qc4 43. Qe3 a4 44. Kh3 Ra1 45. Re1 Rxe1 46. Qxe1 Qa2 47. Qf2 Qc4
48. Qe1 Ra8 49. Kg3 a3 50. bxa3 Rxa3 51. Kh2 Bb5 52. Qc1 Ra2 53. Rxa2 Qxa2+ 54.
Kh3 Bd3 55. Qe1 Be4 56. Qf2 Qb1 57. Qg1 Qd3+ 58. Kh2 Qe2+ 59. Qf2 Qd1 60. Qg1
Qf3 61. Qf2 Qh1+ 62. Kg3 Qc1 63. Kh2 Qd1 64. Kg3 Qg4+ 65. Kh2 Qd1 1/2-1/2

[Event "FIDE Steinitz Mem Women"]
[Site "chess24.com INT"]
[Date "2020.05.17"]
[Round "16.5"]
[White "Stefanova, Antoaneta"]
[Black "Lagno, Kateryna"]
[Result "0-1"]
[WhiteTitle "GM"]
[BlackTitle "GM"]
[WhiteElo "2462"]
[BlackElo "2546"]
[WhiteFideId "2902257"]
[BlackFideId "14109336"]
[EventDate "2020.05.15"]

1. d4 Nf6 2. Nf3 g6 3. g3 Bg7 4. Bg2 O-O 5. O-O d5 6. Bf4 Bf5 7. Qc1 Nbd7 8. c4
c6 9. h3 a5 10. Nbd2 Ne4 11. Rd1 a4 12. Nh4 Nxd2 13. Qxd2 Be6 14. cxd5 cxd5 15.
Rac1 Qb6 16. Nf3 Nf6 17. Bc7 Qa6 18. Bf1 Ne4 19. Qb4 b6 20. Qxe7 Rfe8 21. Qb4
Bf8 22. Qxb6 Qxb6 23. Bxb6 Rab8 24. Bc5 Nxc5 25. dxc5 Rxb2 26. Nd4 Rxa2 27. e3
Rb2 28. Bb5 Ra8 29. c6 Bc8 30. c7 a3 31. Bc6 Ra5 32. Ra1 a2 33. Ne2 Bg7 34. Nd4
Rc5 35. Ba8 Bxh3 36. Nc6 Kf8 37. Na7 Rxc7 38. Nc6 Rc8 39. Nd4 Rxa8 0-1

[Event "FIDE Steinitz Mem Women"]
[Site "chess24.com INT"]
[Date "2020.05.17"]
[Round "17.1"]
[White "Stefanova, Antoaneta"]
[Black "Sebag, Marie"]
[Result "1/2-1/2"]
[WhiteTitle "GM"]
[BlackTitle "GM"]
[WhiteElo "2462"]
[BlackElo "2438"]
[WhiteFideId "2902257"]
[BlackFideId "617822"]
[EventDate "2020.05.15"]

1. Nf3 d5 2. g3 Nf6 3. Bg2 g6 4. O-O Bg7 5. d4 O-O 6. Bf4 c6 7. Qc1 Bf5 8. c4
Nbd7 9. Rd1 Ne4 10. h3 Qb6 11. c5 Qa6 12. Bf1 b6 13. b4 bxc5 14. bxc5 Ndxc5 15.
e3 Qb7 16. g4 Be6 17. Be5 Nd7 18. Bxg7 Kxg7 19. Nc3 c5 20. Nxe4 dxe4 21. dxc5
Rac8 22. Qc3+ Kg8 23. Nd4 Nxc5 24. Qa3 Rc7 25. Rab1 Qa8 26. Nb5 Rcc8 27. Rdc1
Nd3 28. Nc7 Rxc7 29. Rxc7 Ne5 30. Qxe7 Nf3+ 31. Kh1 Qd5 32. Bg2 h5 33. Bxf3 exf3
34. Qh4 hxg4 35. hxg4 Kg7 36. Kg1 Rh8 37. Qg3 Qg5 38. Rb4 Qd5 39. Rd4 Qxa2 40.
Qe5+ Kh7 41. Qh2+ Kg7 42. Qe5+ Kh7 43. g5 Qb1+ 44. Kh2 Kg8+ 45. Kg3 Rh3+ 46. Kf4
Rh4+ 47. Kxf3 Rh3+ 48. Kf4 Rh4+ 49. Kf3 Rh3+ 50. Kf4 Kh7 51. Qxe6 Rh4+ 52. Ke5
Qb5+ 53. Rd5 Qb2+ 54. Kd6 Qb6+ 55. Rc6 Qb4+ 56. Rdc5 fxe6 57. Rc7+ Kg8 58. Rc8+
Kf7 59. Rc7+ Ke8 60. Rc8+ Kf7 61. Rc7+ Kg8 62. Rc8+ Kh7 63. Rc7+ Kh8 64. Rc8+
Kg7 65. Rc7+ Kf8 66. Rc8+ Kf7 1/2-1/2

[Event "FIDE Steinitz Mem Women"]
[Site "chess24.com INT"]
[Date "2020.05.17"]
[Round "17.3"]
[White "Tan, Zhongyi"]
[Black "Abdumalik, Zhansaya"]
[Result "1-0"]
[WhiteTitle "GM"]
[BlackTitle "IM"]
[WhiteElo "2510"]
[BlackElo "2478"]
[WhiteFideId "8603642"]
[BlackFideId "13703544"]
[EventDate "2020.05.15"]

1. d4 Nf6 2. c4 g6 3. Nc3 d5 4. cxd5 Nxd5 5. g3 Bg7 6. Bg2 Nb6 7. Nf3 O-O 8. O-O
N8d7 9. e4 e5 10. d5 Nc4 11. b3 Nd6 12. Ba3 a6 13. Nd2 f5 14. Nc4 Qf6 15. Nxd6
cxd6 16. Rc1 f4 17. Na4 Rb8 18. Rc7 b5 19. Bh3 Rd8 20. Rc6 bxa4 21. Bxd6 Bb7 22.
Bxb8 Bxc6 23. dxc6 Qxc6 24. Qd6 Qxd6 25. Bxd6 axb3 26. Be6+ Kh8 27. Bxb3 Nb8 28.
Be7 Re8 29. Rc1 Nd7 30. Bd6 fxg3 31. hxg3 Nf6 32. f3 Nh5 33. Kg2 Rd8 34. Rc6 a5
35. Ra6 h6 36. Bd5 Nf6 37. Bb3 Ne8 38. Bc5 Rd2+ 39. Kf1 Nf6 40. Rxa5 g5 41. g4
h5 42. Be6 hxg4 43. fxg4 Kh7 44. Bf5+ Kh6 45. Ra6 Rd1+ 46. Ke2 Ra1 47. Be7 Bh8
48. Bxf6 Bxf6 49. Rxf6+ Kg7 50. Ra6 Kf7 51. Kd3 Rc1 52. a4 Ke7 53. a5 Kd8 54.
Rd6+ Kc7 55. Re6 Rd1+ 56. Kc4 Rc1+ 57. Kd5 Ra1 58. a6 Ra5+ 59. Kc4 Kb8 60. Kb4
Ra1 61. Kb5 Rb1+ 62. Kc6 Rd1 63. Rxe5 Ka7 64. Bc8 Rc1+ 65. Kd7 Re1 66. Bb7 Rg1
67. Rxg5 Rd1+ 68. Ke7 Re1 69. e5 Rh1 70. e6 Rh7+ 71. Kf6 Rh6+ 72. Rg6 Rh2 73. e7
Re2 74. Kf7 1-0

[Event "FIDE Steinitz Mem Women"]
[Site "chess24.com INT"]
[Date "2020.05.17"]
[Round "17.4"]
[White "Lei, Tingjie"]
[Black "Cori T., Deysi"]
[Result "1-0"]
[WhiteTitle "GM"]
[BlackTitle "WGM"]
[WhiteElo "2505"]
[BlackElo "2388"]
[WhiteFideId "8605114"]
[BlackFideId "3801934"]
[EventDate "2020.05.15"]

1. e4 d5 2. exd5 Qxd5 3. Nc3 Qd6 4. d4 Nf6 5. Nf3 a6 6. g3 Bg4 7. h3 Bh5 8. Bg2
Nc6 9. O-O O-O-O 10. Bf4 Qb4 11. g4 Bg6 12. a3 Qxb2 13. Qe1 e6 14. Ne5 Nd5 15.
Nxd5 exd5 16. Nxc6 bxc6 17. Bg5 f6 18. Rb1 Qxd4 19. Qe6+ Rd7 20. Qxc6 Rd6 21.
Qa8+ Kd7 22. Be3 Qc4 23. Rb8 h5 24. Rxf8 Rxf8 25. Qxf8 Bxc2 26. Qxg7+ Kc6 27.
Rc1 Kb7 28. Bf1 Qb3 29. Bf4 Rc6 30. Bg2 Qxa3 31. Bxd5 1-0

[Event "FIDE Steinitz Mem Women"]
[Site "chess24.com INT"]
[Date "2020.05.17"]
[Round "18.1"]
[White "Sebag, Marie"]
[Black "Khademalsharieh, Sarasadat"]
[Result "0-1"]
[WhiteTitle "GM"]
[BlackTitle "IM"]
[WhiteElo "2438"]
[BlackElo "2494"]
[WhiteFideId "617822"]
[BlackFideId "12512214"]
[EventDate "2020.05.15"]

1. e4 e5 2. Nf3 Nc6 3. Bb5 a6 4. Ba4 Nf6 5. O-O b5 6. Bb3 Bc5 7. a4 Rb8 8. c3 d6
9. d4 Bb6 10. a5 Ba7 11. h3 Bb7 12. Re1 O-O 13. Bg5 h6 14. Bh4 exd4 15. cxd4 g5
16. Bg3 Ne7 17. Nbd2 Ng6 18. Rc1 Rc8 19. Qc2 Kg7 20. d5 Nh5 21. Bh2 Nhf4 22. Nf1
c6 23. dxc6 Rxc6 24. Qd2 Rxc1 25. Qxc1 Qf6 26. Qd1 Qxb2 27. Ne3 Bxe4 28. h4 Bxe3
29. Rxe3 Rc8 30. Re1 Bxf3 31. Qxf3 Rc3 32. Re3 Rc1+ 33. Bd1 Nxh4 34. Qg4 Qa1 35.
Bxf4 Rxd1+ 36. Kh2 Rh1+ 37. Kg3 Qf6 38. Re4 Nf5+ 39. Kf3 Nd4+ 40. Ke3 Re1+ 41.
Kd3 Rxe4 42. Kxe4 Qxf4+ 43. Qxf4 gxf4 44. Kxd4 Kf6 45. Kd5 Ke7 46. Kc6 b4 47.
Kb6 b3 48. Kxa6 b2 0-1

[Event "FIDE Steinitz Mem Women"]
[Site "chess24.com INT"]
[Date "2020.05.17"]
[Round "18.2"]
[White "Paehtz, Elisabeth"]
[Black "Lei, Tingjie"]
[Result "0-1"]
[WhiteTitle "IM"]
[BlackTitle "GM"]
[WhiteElo "2473"]
[BlackElo "2505"]
[WhiteFideId "4641833"]
[BlackFideId "8605114"]
[EventDate "2020.05.15"]

1. d4 Nf6 2. Nf3 d5 3. Bf4 c5 4. e3 Nc6 5. Nbd2 cxd4 6. exd4 Qb6 7. Nb3 Bf5 8.
c3 e6 9. Bd3 Bxd3 10. Qxd3 Be7 11. O-O O-O 12. Rfe1 a5 13. Rab1 Ne4 14. Nbd2
Nxd2 15. Bxd2 a4 16. Re2 Rac8 17. Bg5 h6 18. Bxe7 Nxe7 19. a3 Ng6 20. g3 Rc7 21.
h4 Qd6 22. Rbe1 Rfc8 23. h5 Nf8 24. Ne5 Qd8 25. Qf3 Qg5 26. Nd3 b6 27. Re5 Qd8
28. Qg4 Nh7 29. Nf4 Nf6 30. Qe2 Ne4 31. Kg2 Nd6 32. Qg4 Qf6 33. Nd3 Nc4 34. R5e2
Nd6 35. Qf4 Qxf4 36. Nxf4 Kf8 37. Nd3 Ne4 38. f3 Nf6 39. g4 Ke7 40. Kg3 Kd6 41.
Ne5 Rb7 42. Kf4 Rh8 43. Rh2 Rc7 44. Ree2 Re7 45. Reg2 Nd7 46. g5 hxg5+ 47. Ke3
Nxe5 48. dxe5+ Kxe5 49. Rxg5+ Kf6 50. Rhg2 Rh7 51. f4 Re8 52. Kd4 Reh8 53. c4
Rxh5 54. Rxg7 Rh4 55. R7g4 Rxg4 56. Rxg4 Rh2 57. cxd5 Rxb2 58. dxe6 fxe6 59. Rg8
Rf2 60. Ke4 Re2+ 61. Kd4 Ra2 62. Rf8+ Kg6 63. Rb8 Rxa3 64. Rxb6 Kf5 65. Rb8 Ra1
66. Rf8+ Kg4 67. Rf6 a3 68. Kc3 Rb1 69. Rg6+ Kf3 0-1